LEADER 01277nam a2200301 a 4500 001 000000144531 003 CaOOAMICUS 005 20150702114317.0 008 150702s2005 it u000 u ita r 020 $a88-8363-714-3 040 $aPUL$bita 100 1 $aLowney, Chris.$0(OLS)http://pul/name/92693 245 10$aLeader per vocazione :$bi principi della leadership secondo i gesuiti /$cChris Lowney ; prefazione di Luciano Larivera. 260 $aMilano :$bIl Sole 24 ore,$c©2005. 300 $aX, 307 p. ;$c21 cm 490 1 $aMondo economico ;$v89 504 $aBibliografia in nota. 650 4$aLeadership.$0(OLS)http://pul/subject/26399 700 1 $aLarivera, Luciano.$0(OLS)http://pul/name/92694 830 0$aMondo economico ;$v89.$0(OLS)http://pul/title/97303 850 $aPUL 852 $aPUL$W1$xDP1 Fondo S. Lanza$y121$m3 H 52$j166816$qFondi$q $B167406$CPULBib$Z2$F167406 $HLan1408 $81 941 1 $a1 961 $aNota ms. di possesso: Sergio Lanza 996 $6020$a88-8363-714-3$9(OLS)http://pul/number/158178 996 $6245$aLeader per vocazione :$bi principi della leadership secondo i gesuiti$9(OLS)http://pul/title/182847 996 $6260$aMilano :$bIl Sole 24 ore$9(OLS)http://pul/publisher/69212 LEADER 01374nam a2200325 a 4500 001 000000133846 003 CaOOAMICUS 005 20130509103203.0 008 130509s1991 it u000 u ita r 020 $a88-339-0595-0 040 $aPUL$bita 100 1 $aLosurdo, Domenico,$d1941-$0(OLS)http://pul/name/38729 245 13$aLa comunità, la morte, l'Occidente :$bHeidegger e l'"ideologia della guerra" /$cDomenico Losurdo. 260 $aTorino :$bBollati Boringhieri,$c©1991. 300 $aVIII, 249 p. ;$c22 cm 490 1 $aNuova cultura ;$v26 504 $aInclude riferimenti bibliografici. 600 14$aHeidegger, Martin,$d1889-1976$xCritica e interpretazione.$0(OLS)http://pul/subject/4941 650 4$aGuerra.$0(OLS)http://pul/subject/2029 830 0$aNuova cultura ;$v26.$0(OLS)http://pul/title/20000 850 $aPUL 852 $aPUL$W1$xDP1 Fondo E. Rossi$y115$m1 L 61$j153862$qFondi$B153436$CPULBib$Z2$F153436 $82 941 1 $a1 960 $aConflitti$92029 960 $aConflitti$92029 961 $aSul dorso collocazione ms. di E. Rossi: L 38 1 996 $6020$a88-339-0595-0$9(OLS)http://pul/number/152655 996 $6245$aLa comunità, la morte, l'Occidente :$bHeidegger e l'"ideologia della guerra"$9(OLS)http://pul/title/169203 996 $6260$aTorino :$bBollati Boringhieri$9(OLS)http://pul/publisher/47883